Mexican State Capitals - Statistics

General Stats
  • This quiz has been taken 1,490 times
    1,443 since last reset
  • The average score is 21 of 31
Answer Stats
Hint Answer % Correct
Aguascalientes Aguascalientes
92%
Chihuahua Chihuahua
86%
Puebla Puebla
81%
Durango Durango
80%
Baja California Sur La Paz
80%
Baja California Mexicali
80%
Oaxaca Oaxaca
80%
Jalisco Guadalajara
79%
Guanajuato Guanajuato
79%
Colima Colima
77%
Querétaro Querétaro
77%
San Luis Potosi San Luis Potosi
77%
Campeche Campeche
75%
Nuevo Leon Monterrey
75%
Zacatecas Zacatecas
70%
Yucatan Merida
68%
Tlaxcala Tlaxcala
66%
Michoacan Morelia
63%
Chiapas Tuxtla Gutierrez
61%
Sonora Hermosillo
60%
Nayarit Tepic
60%
Sinaloa Culiacan
59%
Coahuila Saltillo
59%
Mexico Toluca
59%
Morelos Cuernavaca
56%
Veracruz Jalapa
53%
Hidalgo Pachuca
53%
Quintana Roo Chetumal
52%
Guerrero Chilpancingo
51%
Tabasco Villahermosa
50%
Tamaulipas Ciudad Victoria
46%
No matching quizzes found
Score Distribution
Percent of People with Each Score
Percentile by Number Answered
Your Score History
You have not taken this quiz since the last reset